Guernsey Airport Destinations (La Villiaze, Guernsey) - Statistics

General Stats
  • This quiz has been taken 69 times
    35 since last reset
  • The average score is 12 of 19
Answer Stats
Airline Destination % Correct
Aurigny London (Gatwick)
100%
British Airways London (Heathrow)
100%
Aurigny Manchester
97%
Aurigny/Loganair Edinburgh
87%
Aurigny Paris (Charles de Gaulle)
87%
Aurigny Birmingham
83%
Aurigny Bristol
83%
Aurigny/Loganair Jersey
83%
Aurigny Dublin
70%
Aurigny Leeds/Bradford
70%
Aurigny Southampton
70%
Aurigny Exeter
63%
British Airways Palma de Mallorca
50%
Aurigny Alderney
43%
British Airways Málaga
30%
airBaltic Gran Canaria
27%
British Airways Faro
23%
Aurigny Grenoble
17%
Aurigny Teesside
7%
No matching quizzes found
Score Distribution
Percent of People with Each Score
Percentile by Number Answered
Your Score History
You have not taken this quiz since the last reset